Motivasi untuk rakan muda (2)

Bibliographic Details
Main Author: A. R. Rahman
Format: Book
Published: Kuala Lumpur : Goodmark Enterprise , 1997
Subjects:

MARC

LEADER 00000cam a2200000 7i4500
001 0000068315
005 20161124.0
008 161124
020 |a 9789830571882 
090 0 0 |a 153.8   |b ARR 
100 0 |a A. R. Rahman 
245 1 0 |a Motivasi untuk rakan muda (2)   |c A. R. Rahman 
260 |a Kuala Lumpur :   |b Goodmark Enterprise ,   |c 1997 
300 |a 40p. 
650 0 |a Psychology 
999 |a 000733297   |b Book   |c Adult Collection   |e Cawangan Muar